000 00397nam a2200169Ia 4500
008 180424s9999 xx 000 0 und d
084 _a150 E6
100 _a"Paul, Eiserer E"
245 0 _aSchool Psychologist
250 _a\\190000ENGGPSX
260 _aPrentice Hall
260 _b1900
260 _cNew Delhi
300 _a115p
500 _aincludes index and biblioraphy
942 _cBK
999 _c37860
_d37860